[Event "Subcarpathian-chT"]
[Site "Bystre"]
[Date "2021.06.11"]
[Round "4.4"]
[White "Gluch, Pawel"]
[Black "Kasperek, Rafal"]
[Result "1-0"]
[WhiteElo "1654"]
[BlackElo "1934"]
[PlyCount "67"]
[EventDate "2021.06.09"]
[EventType "team-tourn"]
[EventRounds "9"]
[EventCountry "POL"]
[SourceTitle "EXT 2022"]
[Source "ChessBase"]
[SourceDate "2021.10.06"]
[SourceVersion "1"]
[SourceVersionDate "2021.10.06"]
[SourceQuality "1"]

1. e4 c5 2. Be2 Nc6 3. f4 g6 4. Nf3 Bg7 5. d3 d5 6. 0-0 e6 7. c3 Nge7 8. Qe1 Qb6 9. Kh1 Bd7 10. Na3 a6 11. Nc2 d4 12. c4 0-0-0 13. a3 a5 14. b4 axb4 15. axb4 Nxb4 16. Nxb4 cxb4 17. f5 e5 18. Ng5 f6 19. Nf7 gxf5 20. exf5 Bxf5 21. Nxh8 Bxh8 22. Rxf5 Nxf5 23. Bg4 Kb8 24. Bxf5 Bg7 25. Rb1 Bf8 26. Ba3 b3 27. Bxf8 Rxf8 28. Qd1 b2 29. Qc2 e4 30. Bxe4 f5 31. Bxb7 Re8 32. Bf3 Qb4 33. Be2 Kc7 34. Qxb2 1-0

[Event "POL-chT2"]
[Site "Poronin"]
[Date "2013.09.15"]
[Round "9.53"]
[White "Kasperek, Rafal"]
[Black "Mazalon, Mariusz"]
[Result "1/2-1/2"]
[WhiteElo "2020"]
[BlackElo "2017"]
[PlyCount "54"]
[EventDate "2013.09.06"]
[EventType "team-swiss"]
[EventRounds "9"]
[EventCountry "POL"]
[SourceTitle "EXT 2015"]
[Source "ChessBase"]
[SourceDate "2014.11.20"]
[SourceVersion "1"]
[SourceVersionDate "2014.11.20"]
[SourceQuality "1"]
[WhiteTeam "Debica Gryf"]
[BlackTeam "Bydgoszcz Chemik"]
[WhiteTeamCountry "POL"]
[BlackTeamCountry "POL"]

1. e4 c5 2. Nf3 d6 3. Bb5+ Bd7 4. Bxd7+ Nxd7 5. 0-0 Ngf6 6. Qe2 e6 7. c3 Be7 8. d4 cxd4 9. cxd4 d5 10. e5 Ne4 11. Nbd2 Nxd2 12. Bxd2 Qb6 13. Bc3 0-0 14. Nd2 f6 15. f4 fxe5 16. fxe5 Bg5 17. a4 Bxd2 18. a5 Qb3 19. Qxd2 Rxf1+ 20. Rxf1 Rf8 21. Qg5 Rxf1+ 22. Kxf1 Qd1+ 23. Kf2 Qc2+ 24. Kf1 Qd1+ 25. Kf2 Qc2+ 26. Kf1 Qd1+ 27. Kf2 Qc2+ 1/2-1/2

[Event "POL-chT2"]
[Site "Poronin"]
[Date "2013.09.13"]
[Round "7.65"]
[White "Wrobel, Maciej"]
[Black "Kasperek, Rafal"]
[Result "1/2-1/2"]
[WhiteElo "1949"]
[BlackElo "2020"]
[PlyCount "28"]
[EventDate "2013.09.06"]
[EventType "team-swiss"]
[EventRounds "9"]
[EventCountry "POL"]
[SourceTitle "EXT 2015"]
[Source "ChessBase"]
[SourceDate "2014.11.20"]
[SourceVersion "1"]
[SourceVersionDate "2014.11.20"]
[SourceQuality "1"]
[WhiteTeam "Prudnik LKS Zarzewie"]
[BlackTeam "Debica Gryf"]
[WhiteTeamCountry "POL"]
[BlackTeamCountry "POL"]

1. e4 c5 2. Nf3 Nc6 3. Bb5 g6 4. 0-0 Bg7 5. Bxc6 bxc6 6. Re1 Nf6 7. e5 Nd5 8. Nc3 Nxc3 9. bxc3 0-0 10. d4 cxd4 11. cxd4 f6 12. h3 c5 13. c3 cxd4 14. cxd4 d6 1/2-1/2

[Event "POL-ch U18"]
[Site "Leba"]
[Date "2008.03.31"]
[Round "3"]
[White "Zakrzewski, Marek"]
[Black "Kasperek, Rafal"]
[Result "1/2-1/2"]
[WhiteElo "1925"]
[BlackElo "2013"]
[PlyCount "22"]
[EventDate "2008.03.29"]
[EventType "swiss"]
[EventRounds "11"]
[EventCountry "POL"]
[SourceTitle "CBM 123 Extra"]
[Source "ChessBase"]
[SourceDate "2008.05.06"]
[SourceVersion "1"]
[SourceVersionDate "2008.05.06"]
[SourceQuality "1"]

1. e4 c5 2. Nc3 Nc6 3. g3 g6 4. Bg2 Bg7 5. d3 e6 6. Be3 d6 7. Qd2 Rb8 8. f4 Nge7 9. Nf3 Nd4 10. 0-0 0-0 11. Nd1 b6 1/2-1/2

[Event "POL-chT U19 2nd League"]
[Site "Lublin"]
[Date "2007.07.13"]
[Round "9"]
[White "Wcislo, Damian"]
[Black "Kasperek, Rafal"]
[Result "1/2-1/2"]
[WhiteElo "2099"]
[BlackElo "2023"]
[PlyCount "81"]
[EventDate "2007.07.07"]
[EventType "team-swiss"]
[EventRounds "11"]
[EventCountry "POL"]
[SourceTitle "EXT 2010"]
[Source "ChessBase"]
[SourceDate "2010.11.25"]
[SourceVersion "1"]
[SourceVersionDate "2010.11.25"]
[SourceQuality "1"]
[WhiteTeam "Trzebinia UKS Hetman Koronny U19"]
[BlackTeam "Czarna LKSz GCKiP U19"]
[WhiteTeamCountry "POL"]
[BlackTeamCountry "POL"]

1. d4 d6 2. Nf3 Bg4 3. c4 g6 4. Qb3 Qc8 5. h3 Bxf3 6. Qxf3 Bg7 7. e3 c6 8. b3 Nf6 9. Bb2 0-0 10. Bd3 Nbd7 11. Nd2 e5 12. 0-0 exd4 13. exd4 d5 14. Rac1 Nb6 15. cxd5 Nfxd5 16. Nc4 Qc7 17. Ne5 f6 18. Nc4 Qf4 19. Qd1 Rfd8 20. g3 Qc7 21. Qf3 Nxc4 22. bxc4 Nb4 23. Bb1 f5 24. a3 Na6 25. c5 Bxd4 26. Bxd4 Rxd4 27. Ba2+ Kh8 28. Rfe1 Qg7 29. Re3 Nc7 30. Rce1 Rd7 31. h4 h5 32. Re5 Rf8 33. Bc4 Qf6 34. Qf4 Qg7 35. Kg2 b5 36. Bb3 Kh7 37. Qg5 Rf6 38. Qe3 a5 39. Qf3 b4 40. Ba2 Qf8 41. Qf4 1/2-1/2

[Event "POL-chT U19 2nd League"]
[Site "Lublin"]
[Date "2007.07.09"]
[Round "3"]
[White "Nowacki, Adrian"]
[Black "Kasperek, Rafal"]
[Result "1/2-1/2"]
[WhiteElo "2055"]
[BlackElo "2023"]
[PlyCount "57"]
[EventDate "2007.07.07"]
[EventType "team-swiss"]
[EventRounds "11"]
[EventCountry "POL"]
[SourceTitle "EXT 2010"]
[Source "ChessBase"]
[SourceDate "2010.11.25"]
[SourceVersion "1"]
[SourceVersionDate "2010.11.25"]
[SourceQuality "1"]
[WhiteTeam "Kozuchow Odrodzenie U19"]
[BlackTeam "Czarna LKSz GCKiP U19"]
[WhiteTeamCountry "POL"]
[BlackTeamCountry "POL"]

1. e4 c5 2. Nc3 Nc6 3. Bb5 Nd4 4. Bc4 g6 5. Nf3 Bg7 6. Nxd4 cxd4 7. Qf3 e6 8. Nb5 d6 9. Qa3 Bf8 10. Nxd4 d5 11. Bb5+ Bd7 12. Qg3 Bg7 13. e5 Ne7 14. Bxd7+ Qxd7 15. 0-0 Nc6 16. Nxc6 Qxc6 17. b3 Qxc2 18. Ba3 Bf8 19. Rfc1 Qxd2 20. Bxf8 Rxf8 21. Rc7 Qd4 22. Rac1 f6 23. Rxh7 g5 24. exf6 Qxf6 25. h3 Rf7 26. Rh5 Qf4 27. Qc3 Qxf2+ 28. Kh1 Rd8 29. Rxg5 1/2-1/2

[Event "POL-chT U19 2nd League"]
[Site "Lublin"]
[Date "2007.07.08"]
[Round "2"]
[White "Kasperek, Rafal"]
[Black "Markiewicz, Mateusz"]
[Result "0-1"]
[WhiteElo "2023"]
[BlackElo "1973"]
[PlyCount "50"]
[EventDate "2007.07.07"]
[EventType "team-swiss"]
[EventRounds "11"]
[EventCountry "POL"]
[SourceTitle "EXT 2010"]
[Source "ChessBase"]
[SourceDate "2010.11.25"]
[SourceVersion "1"]
[SourceVersionDate "2010.11.25"]
[SourceQuality "1"]
[WhiteTeam "Czarna LKSz GCKiP U19"]
[BlackTeam "Pilzno GKSz Hetman U19"]
[WhiteTeamCountry "POL"]
[BlackTeamCountry "POL"]

1. e4 e5 2. Nf3 Nf6 3. Nxe5 d6 4. Nf3 Nxe4 5. d4 d5 6. Bd3 Bd6 7. 0-0 0-0 8. Re1 Nf6 9. c4 dxc4 10. Bxc4 Bf5 11. Bg5 h6 12. Bh4 Nbd7 13. Nc3 c6 14. a3 Qc7 15. Rc1 Bf4 16. Bg3 Nh5 17. Bxf4 Nxf4 18. Ne5 Nxe5 19. Rxe5 Be6 20. Bxe6 Nxe6 21. Re2 Rad8 22. Rd2 Rd7 23. d5 Rfd8 24. Rcc2 cxd5 25. Nxd5 Rxd5 0-1

[Event "Raciborz op"]
[Site "Raciborz"]
[Date "2007.02.18"]
[Round "4"]
[White "Major, Boguslaw"]
[Black "Kasperek, Rafal"]
[Result "0-1"]
[WhiteElo "1857"]
[BlackElo "2023"]
[PlyCount "62"]
[EventDate "2007.02.17"]
[EventType "swiss"]
[EventRounds "9"]
[EventCountry "POL"]
[SourceTitle "EXT 2011"]
[Source "ChessBase"]
[SourceDate "2010.11.26"]
[SourceVersion "1"]
[SourceVersionDate "2010.11.26"]
[SourceQuality "1"]

1. d4 d6 2. e4 g6 3. c4 Bg7 4. Nc3 Nf6 5. f3 a5 6. Be3 0-0 7. Qd2 e5 8. d5 c6 9. dxc6 bxc6 10. Rd1 d5 11. cxd5 cxd5 12. Nxd5 Nxd5 13. Qxd5 Qxd5 14. Rxd5 Be6 15. Rd6 Bxa2 16. Bb5 Rc8 17. Ne2 Bf8 18. Rd3 Na6 19. Nc3 Be6 20. Nd5 Nb4 21. Nb6 Nxd3+ 22. Bxd3 Rd8 23. Nxa8 Rxd3 24. Kf2 Rb3 25. Rb1 a4 26. Nb6 a3 27. Na4 a2 28. Ra1 Rb4 29. b3 Rxb3 30. Bc1 Rb1 31. Bb2 Bb3 0-1

[Event "Podhale-ch 23rd"]
[Site "Rabka Zdroj"]
[Date "2007.01.15"]
[Round "6"]
[White "Kasperek, Rafal"]
[Black "Sygnet, Bartosz"]
[Result "1-0"]
[WhiteElo "2023"]
[BlackElo "1878"]
[PlyCount "55"]
[EventDate "2007.01.12"]
[EventType "swiss"]
[EventRounds "9"]
[EventCountry "POL"]
[SourceTitle "EXT 2011"]
[Source "ChessBase"]
[SourceDate "2010.11.26"]
[SourceVersion "1"]
[SourceVersionDate "2010.11.26"]
[SourceQuality "1"]

1. e4 Nf6 2. e5 Nd5 3. d4 d6 4. c4 Nb6 5. f4 dxe5 6. fxe5 Bf5 7. Nc3 e6 8. Nf3 Be7 9. Be2 c6 10. 0-0 N8d7 11. Kh1 Qc7 12. Bf4 Rd8 13. d5 cxd5 14. cxd5 exd5 15. e6 Qxf4 16. Nd4 Qb8 17. Nxf5 Nf6 18. Nxg7+ Kf8 19. Nh5 Qe5 20. Qd2 h6 21. Nxf6 Bxf6 22. exf7 Kxf7 23. Qd3 Rhf8 24. Qh7+ Ke6 25. Bg4+ Kd6 26. Rac1 Bg7 27. Nb5+ Ke7 28. Qxg7+ 1-0

[Event "Podhale-ch 23rd"]
[Site "Rabka Zdroj"]
[Date "2007.01.15"]
[Round "7"]
[White "Koziej, Maciej"]
[Black "Kasperek, Rafal"]
[Result "1/2-1/2"]
[WhiteElo "1988"]
[BlackElo "2023"]
[PlyCount "51"]
[EventDate "2007.01.12"]
[EventType "swiss"]
[EventRounds "9"]
[EventCountry "POL"]
[SourceTitle "EXT 2011"]
[Source "ChessBase"]
[SourceDate "2010.11.26"]
[SourceVersion "1"]
[SourceVersionDate "2010.11.26"]
[SourceQuality "1"]

1. e4 c5 2. Nf3 Nc6 3. d4 cxd4 4. Nxd4 g6 5. Be3 Bg7 6. Nc3 Nf6 7. Bc4 0-0 8. Bb3 a5 9. 0-0 a4 10. Nxa4 Nxe4 11. Nb5 Ra6 12. f3 Nf6 13. Nc5 Ra8 14. c4 d6 15. Na4 Ra6 16. c5 d5 17. Nb6 e6 18. Nd6 Rxb6 19. Nxc8 Rxb3 20. Qxb3 Qxc8 21. Qa4 e5 22. b4 d4 23. Bd2 e4 24. b5 Ne7 25. fxe4 Nxe4 26. Bb4 1/2-1/2

[Event "Podhale-ch 23rd"]
[Site "Rabka Zdroj"]
[Date "2007.01.14"]
[Round "4"]
[White "Kasperek, Rafal"]
[Black "Barski, Radoslaw"]
[Result "1/2-1/2"]
[WhiteElo "2023"]
[BlackElo "1898"]
[PlyCount "59"]
[EventDate "2007.01.12"]
[EventType "swiss"]
[EventRounds "9"]
[EventCountry "POL"]
[SourceTitle "EXT 2011"]
[Source "ChessBase"]
[SourceDate "2010.11.26"]
[SourceVersion "1"]
[SourceVersionDate "2010.11.26"]
[SourceQuality "1"]

1. e4 c5 2. Nf3 d6 3. d4 cxd4 4. Qxd4 a6 5. Be3 Nc6 6. Qb6 Qxb6 7. Bxb6 Nf6 8. Nc3 g6 9. 0-0-0 Bh6+ 10. Kb1 0-0 11. h3 Be6 12. Nd4 Nxd4 13. Bxd4 Bg7 14. e5 dxe5 15. Bxe5 Rfd8 16. Be2 b5 17. Bf3 Rxd1+ 18. Rxd1 Rf8 19. a3 Nd7 20. Bxg7 Kxg7 21. Nd5 Bxd5 22. Rxd5 Nb6 23. Rc5 Rb8 24. Rc7 e6 25. Ra7 Nc4 26. Kc1 Rb6 27. Be2 Nd6 28. a4 e5 29. Ra8 f5 30. axb5 1/2-1/2

[Event "POL-chT 2nd League"]
[Site "Lublin"]
[Date "2006.09.03"]
[Round "2.73"]
[White "Kasperek, Rafal"]
[Black "Protaziuk, Grzegorz"]
[Result "0-1"]
[WhiteElo "2021"]
[BlackElo "2357"]
[PlyCount "50"]
[EventDate "2006.09.02"]
[EventType "team-swiss"]
[EventRounds "9"]
[EventCountry "POL"]
[SourceTitle "EXT 2019"]
[Source "ChessBase"]
[SourceDate "2018.10.10"]
[SourceVersion "1"]
[SourceVersionDate "2018.10.10"]
[SourceQuality "1"]
[WhiteTeam "Rolnik Roza"]
[BlackTeam "Warszawa Entropia"]
[WhiteTeamCountry "POL"]
[BlackTeamCountry "POL"]

1. e4 c5 2. Nf3 e6 3. d4 cxd4 4. Nxd4 a6 5. Nc3 b5 6. Bd3 Qb6 7. Nf3 Nc6 8. e5 Qb8 9. Qe2 Nge7 10. 0-0 Ng6 11. Re1 Bb7 12. h4 d6 13. exd6 Bxd6 14. Ne4 Be7 15. Bg5 Nf4 16. Qd2 Nxd3 17. cxd3 0-0 18. h5 Bxg5 19. Qxg5 h6 20. Qc5 Rd8 21. Qc3 Ne7 22. Rad1 Nd5 23. Qd2 Nf4 24. Qe3 Nxh5 25. g3 Qa7 0-1

[Event "Ostroda op"]
[Site "Ostroda"]
[Date "2006.08.12"]
[Round "8.8"]
[White "Krasiewicz, Robert"]
[Black "Kasperek, Rafal"]
[Result "1/2-1/2"]
[WhiteElo "2068"]
[BlackElo "2021"]
[PlyCount "46"]
[EventDate "2006.08.07"]
[EventType "swiss"]
[EventRounds "9"]
[EventCountry "POL"]
[SourceTitle "CBM 113 Extra"]
[Source "ChessBase"]
[SourceDate "2006.09.14"]
[SourceVersion "1"]
[SourceVersionDate "2006.09.14"]
[SourceQuality "1"]

1. d4 d6 2. Nf3 g6 3. b3 Bg7 4. Bb2 c5 5. e3 Nf6 6. Be2 0-0 7. 0-0 cxd4 8. exd4 d5 9. Nbd2 Nc6 10. Ne5 Bf5 11. Nxc6 bxc6 12. c4 Nd7 13. cxd5 cxd5 14. Bf3 Nf6 15. Re1 Rc8 16. Ba3 Re8 17. Bc5 Nd7 18. Rc1 Nxc5 19. Rxc5 Bxd4 20. Rxd5 Qb6 21. Rf1 Be6 22. Nc4 Rxc4 23. bxc4 Bxd5 1/2-1/2

[Event "POL-chT U19 37th"]
[Site "Szklarska Poreba"]
[Date "2006.07.06"]
[Round "6.1"]
[White "Gumula, Daniel"]
[Black "Kasperek, Rafal"]
[Result "1-0"]
[WhiteElo "2306"]
[BlackElo "2021"]
[PlyCount "77"]
[EventDate "2006.07.02"]
[EventType "team-tourn"]
[EventRounds "11"]
[EventCountry "POL"]
[SourceTitle "EXT 2019"]
[Source "ChessBase"]
[SourceDate "2018.10.10"]
[SourceVersion "1"]
[SourceVersionDate "2018.10.10"]
[SourceQuality "1"]
[WhiteTeam "Jaworzno JKSz MCKiS U19"]
[BlackTeam "Rolnik Roza U19"]
[WhiteTeamCountry "POL"]
[BlackTeamCountry "POL"]

1. e4 c5 2. Nf3 Nc6 3. d4 cxd4 4. Nxd4 g6 5. Nc3 Bg7 6. Be3 Nf6 7. Bc4 0-0 8. Bb3 a5 9. 0-0 a4 10. Nxa4 Nxe4 11. Nb5 Ra6 12. c4 d6 13. Qe2 Nf6 14. h3 Be6 15. Rad1 Qb8 16. Nb6 Na5 17. Bc2 Nd7 18. Nxd7 Bxd7 19. b3 Nc6 20. a3 Be6 21. Rfe1 Rd8 22. Be4 Ne5 23. f4 Nd7 24. Qf3 Nc5 25. Bxc5 dxc5 26. Bxb7 Rxd1 27. Rxd1 Rb6 28. Be4 Bh6 29. Rf1 Bd7 30. a4 Rf6 31. Qd3 Bxf4 32. a5 Bc6 33. Kh1 Bxe4 34. Qxe4 Bc7 35. Rxf6 exf6 36. a6 Qd8 37. Qe2 Bb6 38. a7 Qa8 39. Qf3 1-0

[Event "POL-ch U16"]
[Site "Leba"]
[Date "2006.04.02"]
[Round "11"]
[White "Roszkowski, Rafal"]
[Black "Kasperek, Rafal"]
[Result "1/2-1/2"]
[WhiteElo "2044"]
[BlackElo "2004"]
[PlyCount "22"]
[EventDate "2006.03.25"]
[EventType "swiss"]
[EventRounds "11"]
[EventCountry "POL"]
[SourceTitle "CBM 111 Extra"]
[Source "ChessBase"]
[SourceDate "2006.05.09"]
[SourceVersion "1"]
[SourceVersionDate "2006.05.09"]
[SourceQuality "1"]

1. e4 c5 2. Nc3 Nc6 3. Bb5 Nd4 4. Bc4 e6 5. Nf3 Ne7 6. 0-0 g6 7. Nxd4 cxd4 8. Ne2 Bg7 9. d3 a6 10. Bd2 0-0 11. Rc1 d5 1/2-1/2

[Event "POL-ch U16"]
[Site "Leba"]
[Date "2006.04.01"]
[Round "10"]
[White "Kasperek, Rafal"]
[Black "Czachor, Grzegorz"]
[Result "1-0"]
[WhiteElo "2004"]
[BlackElo "1986"]
[PlyCount "63"]
[EventDate "2006.03.25"]
[EventType "swiss"]
[EventRounds "11"]
[EventCountry "POL"]
[SourceTitle "CBM 111 Extra"]
[Source "ChessBase"]
[SourceDate "2006.05.09"]
[SourceVersion "1"]
[SourceVersionDate "2006.05.09"]
[SourceQuality "1"]

1. e4 c5 2. Nf3 Nc6 3. Bb5 g6 4. 0-0 Bg7 5. c3 Nf6 6. Re1 0-0 7. d4 cxd4 8. cxd4 d6 9. Nc3 Bg4 10. Bxc6 bxc6 11. h3 Bxf3 12. Qxf3 Rb8 13. Rb1 Nd7 14. Qd1 c5 15. Be3 cxd4 16. Bxd4 Bxd4 17. Qxd4 Qa5 18. Nd5 Rfe8 19. b4 Qa4 20. Nc3 Qa6 21. a4 Qb6 22. Qd2 Ne5 23. Nd5 Qb7 24. Rec1 Rec8 25. f4 Nc4 26. Qd3 Nb6 27. Nc3 Qc6 28. a5 Na4 29. Nd5 Qd7 30. Rc4 Rxc4 31. Qxc4 Rc8 32. Qxc8+ 1-0

[Event "POL-ch U16"]
[Site "Leba"]
[Date "2006.03.29"]
[Round "7"]
[White "Piechota, Pawel"]
[Black "Kasperek, Rafal"]
[Result "0-1"]
[WhiteElo "1997"]
[BlackElo "2004"]
[PlyCount "120"]
[EventDate "2006.03.25"]
[EventType "swiss"]
[EventRounds "11"]
[EventCountry "POL"]
[SourceTitle "CBM 111 Extra"]
[Source "ChessBase"]
[SourceDate "2006.05.09"]
[SourceVersion "1"]
[SourceVersionDate "2006.05.09"]
[SourceQuality "1"]

1. d4 Nf6 2. c4 e6 3. Nf3 b6 4. Bg5 Ba6 5. e3 d5 6. Nbd2 dxc4 7. Bxc4 Bxc4 8. Nxc4 Qd5 9. Ncd2 Nbd7 10. 0-0 h6 11. Bf4 c5 12. Re1 cxd4 13. e4 Qb7 14. Qa4 Bc5 15. b4 b5 16. Qb3 Be7 17. Bg3 Nh5 18. Nxd4 Nxg3 19. hxg3 Ne5 20. Rad1 0-0 21. Nf1 Nc6 22. Re2 Nxd4 23. Rxd4 Rfd8 24. Rxd8+ Rxd8 25. e5 Rd4 26. a3 a5 27. Qb2 Rd3 28. Rd2 Rxd2 29. Qxd2 axb4 30. axb4 Qe4 31. Ne3 Qxb4 32. Qc2 Qc5 33. Qb2 Qb4 34. Qa2 Qd4 35. Qa8+ Bf8 36. Qb8 b4 37. Qb5 Qc5 38. Qb8 Qc3 39. Qb5 Qc1+ 40. Qf1 Qxf1+ 41. Nxf1 Bc5 42. Nd2 Bd4 43. Kf1 Bxe5 44. Ke2 Kf8 45. Kd3 Ke7 46. Nc4 Bc3 47. f3 h5 48. Ne3 f5 49. g4 hxg4 50. fxg4 f4 51. Nc4 Kf6 52. Ke4 Kg5 53. Kf3 e5 54. Nd6 Bd4 55. g3 fxg3 56. Kxg3 Kf6 57. Kf3 Ke6 58. Nc4 Kd5 59. Nd2 Bc3 60. Nb3 Kc4 0-1

[Event "POL-ch U16"]
[Site "Leba"]
[Date "2006.03.28"]
[Round "5"]
[White "Pigula, Marek"]
[Black "Kasperek, Rafal"]
[Result "1/2-1/2"]
[WhiteElo "2100"]
[BlackElo "2004"]
[PlyCount "85"]
[EventDate "2006.03.25"]
[EventType "swiss"]
[EventRounds "11"]
[EventCountry "POL"]
[SourceTitle "CBM 111 Extra"]
[Source "ChessBase"]
[SourceDate "2006.05.09"]
[SourceVersion "1"]
[SourceVersionDate "2006.05.09"]
[SourceQuality "1"]

1. e4 c5 2. Nf3 Nc6 3. d4 cxd4 4. Nxd4 g6 5. c4 Bg7 6. Be3 Nf6 7. Nc3 Ng4 8. Qxg4 Nxd4 9. Qd1 Ne6 10. Rc1 Qa5 11. Qd2 b6 12. Bd3 Bb7 13. Bb1 Rc8 14. b3 f5 15. Nd5 Qxd2+ 16. Kxd2 Nc5 17. exf5 gxf5 18. f3 e6 19. Nc3 Bxc3+ 20. Rxc3 Rg8 21. Rg1 d6 22. h4 h5 23. Bg5 a5 24. Re3 Kf7 25. g4 hxg4 26. fxg4 Ne4+ 27. Bxe4 Bxe4 28. Rf1 d5 29. gxf5 exf5 30. cxd5 Kg6 31. Rxe4 fxe4 32. Rf6+ Kh5 33. Rxb6 Rc5 34. d6 Rg6 35. Ke3 Rd5 36. Kxe4 Rgxd6 37. Rb8 Rd4+ 38. Kf3 Re4 39. Be3 Rc6 40. Rh8+ Kg6 41. Rh6+ Kf7 42. Re6 Kxe6 43. Kxe4 1/2-1/2

[Event "POL-ch U16"]
[Site "Leba"]
[Date "2006.03.25"]
[Round "1"]
[White "Wojciechowski, Piotr"]
[Black "Kasperek, Rafal"]
[Result "1-0"]
[WhiteElo "2214"]
[BlackElo "2004"]
[PlyCount "71"]
[EventDate "2006.03.25"]
[EventType "swiss"]
[EventRounds "11"]
[EventCountry "POL"]
[SourceTitle "CBM 111 Extra"]
[Source "ChessBase"]
[SourceDate "2006.05.09"]
[SourceVersion "1"]
[SourceVersionDate "2006.05.09"]
[SourceQuality "1"]

1. e4 c5 2. Nf3 Nc6 3. d4 cxd4 4. Nxd4 g6 5. c4 Bg7 6. Be3 Nf6 7. Nc3 Ng4 8. Qxg4 Nxd4 9. Qd1 Ne6 10. Rc1 Qa5 11. Qd2 b6 12. Be2 Bb7 13. f3 f5 14. exf5 gxf5 15. 0-0 Rg8 16. Rfd1 d6 17. a3 f4 18. Bxf4 Qh5 19. Nd5 Bxd5 20. cxd5 Nxf4 21. Qxf4 Be5 22. Qa4+ Kf8 23. h4 Qg6 24. Qg4 Qxg4 25. fxg4 Bxb2 26. Rc7 Rg7 27. a4 h6 28. g3 Kg8 29. Kg2 Ba3 30. Kh3 Rf8 31. Rxa7 Bc5 32. Rd7 Rf2 33. Bd3 Rf3 34. Be4 Re3 35. Rd8+ Kf7 36. Rf1+ 1-0

[Event "CFriend MZ-2004-4-00002 email"]
[Site "Chessfriend.com"]
[Date "2004.08.28"]
[Round "1"]
[White "Gomez Galan Arense, Joaquin"]
[Black "Kasperek, Rafal"]
[Result "1/2-1/2"]
[WhiteElo "2012"]
[BlackElo "2128"]
[PlyCount "55"]
[EventDate "2004.??.??"]
[EventType "tourn (corr)"]
[EventRounds "6"]
[SourceTitle "Corr 2024"]
[Source "ChessBase"]
[SourceDate "2023.10.19"]
[SourceVersion "1"]
[SourceVersionDate "2023.10.19"]
[SourceQuality "1"]

1. e4 c5 2. Nf3 Nc6 3. d4 cxd4 4. Nxd4 d5 5. Bb5 dxe4 6. Nxc6 Qxd1+ 7. Kxd1 a6 8. Ba4 Bd7 9. Nc3 Bxc6 10. Bxc6+ bxc6 11. Nxe4 e5 12. Re1 f5 13. Nd2 Bd6 14. Nc4 0-0-0 15. Bg5 Nf6 16. Ke2 Bc7 17. Bxf6 gxf6 18. Rad1 f4 19. Rxd8+ Kxd8 20. Rd1+ Ke7 21. Rd3 h5 22. Ra3 Ra8 23. Rh3 Rh8 24. g4 fxg3 25. Rxg3 Kf7 26. Rc3 Rb8 27. b3 Rc8 28. Ne3 1/2-1/2

[Event "CFriend MZ-2004-4-00002 email"]
[Site "Chessfriend.com"]
[Date "2004.08.28"]
[Round "1"]
[White "Grafen, Denis"]
[Black "Kasperek, Rafal"]
[Result "1/2-1/2"]
[WhiteElo "2415"]
[BlackElo "2128"]
[PlyCount "123"]
[EventDate "2004.??.??"]
[EventType "tourn (corr)"]
[EventRounds "6"]
[SourceTitle "Corr 2024"]
[Source "ChessBase"]
[SourceDate "2023.10.19"]
[SourceVersion "1"]
[SourceVersionDate "2023.10.19"]
[SourceQuality "1"]

1. c4 e5 2. Nc3 Nf6 3. Nf3 Nc6 4. g3 Bb4 5. Bg2 0-0 6. 0-0 e4 7. Ng5 Bxc3 8. bxc3 Re8 9. Qc2 Qe7 10. d3 exd3 11. exd3 d6 12. Rb1 Bf5 13. Nf3 Rab8 14. Nh4 Bd7 15. Bd2 b6 16. Rfe1 Qf8 17. Bg5 Rxe1+ 18. Rxe1 Re8 19. Rxe8 Nxe8 20. Qe2 f6 21. Bd5+ Kh8 22. Bd2 Ne7 23. Be6 Bxe6 24. Qxe6 a5 25. d4 g6 26. d5 Ng8 27. Qc8 Qe7 28. Be3 Kg7 29. Nf3 f5 30. Ng5 Ngf6 31. Bd4 h6 32. Ne6+ Kf7 33. h3 Qd7 34. Qb7 Qe7 35. Be3 g5 36. Kh2 Nh5 37. a3 Nhg7 38. Nd4 Kg6 39. Qc8 Nf6 40. Nc6 Qf7 41. Bd4 f4 42. gxf4 gxf4 43. Bxf6 Qxf6 44. Nd4 Qe5 45. Qg4+ Kf6 46. h4 Nf5 47. Nc6 Qe4 48. h5 Ng7 49. Nd4 Kf7 50. a4 Kf8 51. f3 Qe3 52. Qc8+ Kf7 53. Qxc7+ Kg8 54. Qc8+ Kh7 55. Qg4 Nxh5 56. Nf5 Qf2+ 57. Qg2 Qe1 58. Qc2 Kh8 59. Qg2 Kh7 60. Qg4 Qe2+ 61. Kg1 Qe1+ 62. Kg2 1/2-1/2

[Event "CFriend MZ-2004-4-00002 email"]
[Site "Chessfriend.com"]
[Date "2004.08.28"]
[Round "1"]
[White "Malmstrom, Jan"]
[Black "Kasperek, Rafal"]
[Result "1/2-1/2"]
[WhiteElo "1915"]
[BlackElo "2128"]
[PlyCount "61"]
[EventDate "2004.??.??"]
[EventType "tourn (corr)"]
[EventRounds "6"]
[SourceTitle "Corr 2024"]
[Source "ChessBase"]
[SourceDate "2023.10.19"]
[SourceVersion "1"]
[SourceVersionDate "2023.10.19"]
[SourceQuality "1"]

1. e4 c5 2. Nf3 Nc6 3. d4 cxd4 4. Nxd4 d5 5. exd5 Qxd5 6. Be3 e6 7. Nc3 Bb4 8. Ndb5 Qe5 9. a3 Be7 10. g3 Nf6 11. Bg2 0-0 12. Qe2 Rd8 13. Rd1 Rxd1+ 14. Qxd1 Bc5 15. 0-0 Bxe3 16. Bxc6 Bb6 17. Bg2 Bd7 18. Qe1 Qb8 19. Qd2 Bc6 20. Bxc6 bxc6 21. Nd6 Qc7 22. Nc4 Rd8 23. Qe2 Bd4 24. Ne4 Nxe4 25. Qxe4 Qd7 26. Ne5 f5 27. Qe2 Qd5 28. Re1 Bxb2 29. Nc4 Bf6 30. Qxe6+ Kf8 31. h3 1/2-1/2